[Event "Copenhagen Chess Challenge 2009"]
[Site "Ballerup"]
[Date "2009.??.??"]
[Round "5"]
[White "Knudsen, Jes West"]
[Black "Hove, Esben Kjems"]
[Result "1/2-1/2"]
[WhiteElo "2019"]
[BlackElo "2294"]
[PlyCount "72"]
[EventDate "2009.??.??"]
[EventType "swiss"]
[EventRounds "9"]
[EventCountry "DEN"]

1. e4 c6 2. Nf3 d6 3. Bc4 e6 4. Bb3 d5 5. Nc3 Nd7 6. O-O Bb4 7. Re1 Ne7 8. a3
Bxc3 9. dxc3 O-O 10. Bg5 f6 11. Bh4 Nc5 12. Nd2 Ng6 13. Qh5 Nxb3 14. Nxb3 e5
15. Rad1 b6 16. Bg3 Be6 17. Qe2 Qc8 18. h4 dxe4 19. Qxe4 f5 20. Qe2 f4 21. Bh2
f3 22. gxf3 Nxh4 23. Nd4 Bd5 24. Qxe5 Bxf3 25. Ne6 Rf6 26. Rd8+ Qxd8 27. Nxd8
Rxd8 28. Bg3 Nf5 29. Qc7 Rdf8 30. Qd7 Rh6 31. Bh2 Rg6+ 32. Kf1 Bg2+ 33. Ke2 Rf7
34. Qe8+ Rf8 35. Qd7 Rf7 36. Qe8+ Rf8 1/2-1/2

[Event "Copenhagen Chess Challenge 2009"]
[Site "Ballerup"]
[Date "2009.??.??"]
[Round "5"]
[White "Boulan, Laura"]
[Black "Rhee, Alexander"]
[Result "1-0"]
[WhiteElo "1955"]
[BlackElo "2115"]
[PlyCount "157"]
[EventDate "2009.??.??"]
[EventType "swiss"]
[EventRounds "9"]
[EventCountry "DEN"]

1. e4 c5 2. c3 Qa5 3. Nf3 Nc6 4. Be2 Nf6 5. d3 d5 6. Nbd2 Qc7 7. O-O Bg4 8. Re1
e6 9. Bf1 Be7 10. Qa4 a6 11. e5 b5 12. Qf4 Bf5 13. d4 Nd7 14. a4 Rb8 15. Be2 c4
16. axb5 axb5 17. Nf1 b4 18. Ng3 Bc2 19. Bd2 bxc3 20. bxc3 h6 21. Nh5 Rg8 22.
Qg3 g5 23. h4 Bg6 24. Qg4 Bf5 25. Qg3 Bg6 26. Qg4 f5 27. exf6 Bf5 28. Ng7+ Rxg7
29. fxg7 Nf6 30. g8=Q+ Nxg8 31. Qh5+ Kd7 32. hxg5 hxg5 33. Bxg5 Nf6 34. Qh6 Rg8
35. Bxf6 Rg6 36. Qh2 Qxh2+ 37. Nxh2 Bxf6 38. Nf1 e5 39. Ne3 Be6 40. dxe5 Bxe5
41. Rac1 Kd6 42. Red1 Kc5 43. Bf3 Bf4 44. Rc2 Rg5 45. Kf1 Re5 46. Rcd2 Bxe3 47.
fxe3 Rxe3 48. Bxd5 Bg4 49. Rc1 Ne5 50. Bg8 Nd3 51. Ra1 Re7 52. Ra5+ Kb6 53. Ra1
Kb5 54. Kg1 Re3 55. Kh2 Nc5 56. Rb2+ Nb3 57. Rc1 Kc5 58. Rcc2 Bd1 59. Rf2 Rxc3
60. Rf5+ Kb4 61. Rf4 Bc2 62. Ra2 Na5 63. Rf8 Nb3 64. Rb8+ Kc5 65. Rc8+ Kd4 66.
Ra7 Bd3 67. Rac7 Nd2 68. Rd8+ Ke3 69. Re7+ Ne4 70. Bh7 Rc1 71. Bxe4 Bxe4 72.
Rde8 c3 73. Rxe4+ Kd2 74. Rd8+ Kc2 75. Rb4 Re1 76. Rc4 Re3 77. Rdc8 Kd2 78. g4
Rd3 79. Rxc3 1-0

[Event "Copenhagen Chess Challenge 2009"]
[Site "Ballerup"]
[Date "2009.??.??"]
[Round "5"]
[White "Nielsen, Leonard De Freitas"]
[Black "Jorgensen, Kasper Moller"]
[Result "1-0"]
[WhiteElo "1925"]
[BlackElo "1999"]
[PlyCount "57"]
[EventDate "2009.??.??"]
[EventType "swiss"]
[EventRounds "9"]
[EventCountry "DEN"]

1. e4 c5 2. Nc3 Nc6 3. f4 g6 4. Nf3 Bg7 5. Bc4 d6 6. d3 e6 7. O-O Nge7 8. Qe1
Bd7 9. Nb5 Qb8 10. f5 a6 11. fxe6 fxe6 12. Nc3 b5 13. Bb3 O-O 14. Ng5 Nd4 15.
Nxh7 Rxf1+ 16. Kxf1 d5 17. exd5 Qxh2 18. Bg5 Kxh7 19. Bxe7 Nf5 20. d6 Bc6 21.
Ne4 Bd4 22. Ke2 Qh5+ 23. Kd2 Be3+ 24. Qxe3 Nxe3 25. Nf6+ Kh6 26. Nxh5 c4 27.
Kxe3 cxb3 28. Nf4 bxc2 29. Rc1 1-0

[Event "Copenhagen Chess Challenge 2009"]
[Site "Ballerup"]
[Date "2009.??.??"]
[Round "5"]
[White "Kovachev, Daniel Jacobsen"]
[Black "Tikkanen, Hans"]
[Result "0-1"]
[WhiteElo "2256"]
[BlackElo "2425"]
[PlyCount "142"]
[EventDate "2009.??.??"]
[EventType "swiss"]
[EventRounds "9"]
[EventCountry "DEN"]

1. d4 d5 2. Nf3 Nc6 3. Bf4 Bg4 4. e3 e6 5. c4 Nf6 6. Nc3 Bb4 7. Bg5 h6 8. Bh4
g5 9. Bg3 Ne4 10. Qc2 h5 11. cxd5 exd5 12. Bd3 Qe7 13. O-O Bxc3 14. bxc3 h4 15.
Be5 f6 16. h3 Bxf3 17. gxf3 Nd2 18. Qxd2 fxe5 19. Bf5 O-O 20. e4 exd4 21. cxd4
Rad8 22. Kh1 dxe4 23. Bxe4 Nxd4 24. Rg1 Nxf3 25. Qe3 Qf6 26. Rac1 Rd7 27. Rc5
Rg7 28. Rf5 Qxf5 29. Bxf5 Rxf5 30. Rd1 Rgf7 31. Rd8+ Kg7 32. Qe8 Rf8 33. Rd7+
R5f7 34. Rxf7+ Rxf7 35. Qb8 b6 36. Qxa7 Ne5 37. Qa3 Ng6 38. Qe3 Kh6 39. Kg1 Re7
40. Qc3 c5 41. Qf6 Re1+ 42. Kg2 Rb1 43. Kf3 Rb4 44. Ke3 Rb1 45. Ke4 Re1+ 46.
Kd3 Rb1 47. Ke4 Rb4+ 48. Ke3 g4 49. hxg4 Rxg4 50. Qxb6 h3 51. Qc6 h2 52. Qh1
Rh4 53. a4 Rh3+ 54. Ke4 Rh4+ 55. Kd5 Nf4+ 56. Ke4 c4 57. a5 c3 58. a6 c2 59. a7
Ne2+ 60. Ke3 c1=Q+ 61. Qxc1 Nxc1 62. a8=Q h1=Q 63. Qh8+ Kg6 64. Qg8+ Kf6 65.
Qf8+ Ke6 66. Qe8+ Kd6 67. Qd8+ Kc6 68. Qc8+ Kb5 69. Qb8+ Ka4 70. Qa7+ Kb3 71.
Qb7+ Qxb7 0-1

[Event "Copenhagen Chess Challenge 2009"]
[Site "Ballerup"]
[Date "2009.??.??"]
[Round "5"]
[White "Lovik, Lasse Ostebo"]
[Black "Hoi, Carsten"]
[Result "1/2-1/2"]
[WhiteElo "2289"]
[BlackElo "2387"]
[PlyCount "96"]
[EventDate "2009.??.??"]
[EventType "swiss"]
[EventRounds "9"]
[EventCountry "DEN"]

1. e4 g6 2. d4 Bg7 3. Nf3 d6 4. c3 Nf6 5. Bd3 O-O 6. O-O Nc6 7. Nbd2 e5 8. dxe5
Nxe5 9. Nxe5 dxe5 10. Qe2 Qe7 11. Rd1 Bh6 12. b3 Rd8 13. Bb2 Bg4 14. f3 Nh5 15.
g3 Bh3 16. Nc4 Bf4 17. Qf2 Qg5 18. Bf1 Bxf1 19. Kxf1 Bxg3 20. hxg3 Nxg3+ 21.
Ke1 b5 22. Nd2 f5 23. exf5 gxf5 24. Nf1 f4 25. Rxd8+ Rxd8 26. Rd1 Re8 27. Nxg3
fxg3 28. Qd2 Qh4 29. Qd7 Rf8 30. Qd5+ Rf7 31. Qd8+ Qxd8 32. Rxd8+ Kg7 33. c4
Rxf3 34. Bxe5+ Kf7 35. Ke2 g2 36. Rd1 Rf5 37. Bd4 bxc4 38. b4 a5 39. a3 axb4
40. axb4 Rf1 41. Rxf1+ gxf1=Q+ 42. Kxf1 Ke6 43. Ke2 Kd5 44. Bc5 h5 45. Kd2 Kc6
46. Kc3 Kb5 47. Be7 h4 48. Bxh4 c5 1/2-1/2

[Event "Copenhagen Chess Challenge 2009"]
[Site "Ballerup"]
[Date "2009.??.??"]
[Round "5"]
[White "Bejtovic, Jasmin"]
[Black "Madsen, Poul Henrik"]
[Result "1-0"]
[WhiteElo "2306"]
[BlackElo "2074"]
[PlyCount "105"]
[EventDate "2009.??.??"]
[EventType "swiss"]
[EventRounds "9"]
[EventCountry "DEN"]

1. e4 c6 2. d4 d5 3. Nc3 dxe4 4. Nxe4 Bf5 5. Ng3 Bg6 6. Nf3 Nd7 7. h4 h6 8. h5
Bh7 9. Bd3 Bxd3 10. Qxd3 e6 11. Bd2 Ngf6 12. O-O-O Bd6 13. Ne4 Nxe4 14. Qxe4
Nf6 15. Qe2 Qe7 16. Ne5 O-O-O 17. Kb1 Kb8 18. c4 Rhe8 19. Rh3 Ka8 20. Rg3 Qf8
21. Ba5 Rc8 22. Rgd3 Re7 23. g4 Qe8 24. f4 Nd7 25. Bc3 Bc7 26. Bb4 c5 27. dxc5
Nxe5 28. fxe5 Qa4 29. Qe4 Qc6 30. Qxc6 bxc6 31. Bc3 Rf8 32. Rd7 Rxd7 33. Rxd7
Kb8 34. b4 Kc8 35. Rd1 f6 36. Rf1 Bd8 37. Kc2 Kd7 38. Kd3 Be7 39. Ke4 a5 40. a3
axb4 41. axb4 f5+ 42. gxf5 exf5+ 43. Rxf5 Ra8 44. b5 Ke6 45. Bd4 Ra4 46. bxc6
Ra6 47. Rf3 Rxc6 48. Rg3 Bg5 49. Rb3 Bd8 50. Rb7 Rc7 51. Rxc7 Bxc7 52. c6 Bd8
53. Bc5 1-0

[Event "Copenhagen Chess Challenge 2009"]
[Site "Ballerup"]
[Date "2009.??.??"]
[Round "5"]
[White "Haubro, Sigfred"]
[Black "Andersen, Daniel"]
[Result "1-0"]
[WhiteElo "2120"]
[BlackElo "1940"]
[PlyCount "45"]
[EventDate "2009.??.??"]
[EventType "swiss"]
[EventRounds "9"]
[EventCountry "DEN"]

1. Nf3 Nf6 2. b3 g6 3. Bb2 Bg7 4. e3 O-O 5. Be2 c5 6. O-O d5 7. d4 cxd4 8. exd4
Nc6 9. Nbd2 a6 10. Rc1 b5 11. Ra1 Qb6 12. c3 Rd8 13. Re1 h6 14. h3 Be6 15. Bd3
Na5 16. Ne5 Nd7 17. Ndf3 Nxe5 18. Nxe5 Bc8 19. Ba3 Qf6 20. Re3 Rf8 21. Qd2 Ra7
22. Rae1 Nb7 23. Rf3 1-0

[Event "Copenhagen Chess Challenge 2009"]
[Site "Ballerup"]
[Date "2009.??.??"]
[Round "5"]
[White "Brauener, Jonathan"]
[Black "Jacobsen, Mads Holger Bang"]
[Result "1/2-1/2"]
[WhiteElo "1916"]
[BlackElo "1830"]
[PlyCount "53"]
[EventDate "2009.??.??"]
[EventType "swiss"]
[EventRounds "9"]
[EventCountry "DEN"]

1. e4 c5 2. Nc3 Nc6 3. f4 g6 4. Nf3 Bg7 5. Bb5 Nd4 6. O-O Nxb5 7. Nxb5 a6 8.
Nc3 d6 9. d3 e6 10. Be3 Ne7 11. h3 Nc6 12. Rb1 O-O 13. Ne2 b6 14. c3 d5 15. Qc2
Bb7 16. Rfd1 Qc7 17. b4 Ne7 18. bxc5 bxc5 19. Kh1 Rab8 20. Rb2 Ba8 21. Rdb1
Rxb2 22. Rxb2 c4 23. e5 Rc8 24. Bb6 Qd7 25. Nfd4 Nc6 26. Qb1 Bf8 27. Qc2
1/2-1/2

[Event "Copenhagen Chess Challenge 2009"]
[Site "Ballerup"]
[Date "2009.??.??"]
[Round "6"]
[White "Bekker Jensen, David"]
[Black "Ivanov, Mikhail"]
[Result "1/2-1/2"]
[WhiteElo "2330"]
[BlackElo "2470"]
[PlyCount "75"]
[EventDate "2009.??.??"]
[EventType "swiss"]
[EventRounds "9"]
[EventCountry "DEN"]

1. d4 Nf6 2. c4 e6 3. Nc3 Bb4 4. e3 c5 5. Nge2 b6 6. a3 Ba5 7. Rb1 Na6 8. g3
Bb7 9. d5 b5 10. Bg2 bxc4 11. O-O Bxc3 12. Nxc3 exd5 13. Nxd5 Nxd5 14. Bxd5 Qb6
15. Bxc4 Nc7 16. e4 O-O 17. f3 d5 18. exd5 Nxd5 19. Bg5 h6 20. Bxd5 hxg5 21.
Bxb7 Qxb7 22. Qd2 f6 23. Rbd1 Rab8 24. Rf2 Qb6 25. Qd5+ Kh8 26. Rfd2 Rfe8 27.
Qf7 Qe6 28. Qxa7 Qe3+ 29. Kg2 Rb3 30. Rf2 Reb8 31. Qf7 Rxb2 32. Rxb2 Rxb2+ 33.
Kh3 Qxf3 34. Rd8+ Kh7 35. Qg8+ Kg6 36. Qe8+ Kh7 37. Qh8+ Kg6 38. Qe8+ 1/2-1/2

[Event "Copenhagen Chess Challenge 2009"]
[Site "Ballerup"]
[Date "2009.??.??"]
[Round "6"]
[White "Danielsen, Henrik"]
[Black "Pedersen, Nicolai Vesterbaek"]
[Result "1-0"]
[WhiteElo "2482"]
[BlackElo "2417"]
[PlyCount "93"]
[EventDate "2009.??.??"]
[EventType "swiss"]
[EventRounds "9"]
[EventCountry "DEN"]

1. g3 e5 2. Bg2 d5 3. c4 d4 4. d3 Nc6 5. Bxc6+ bxc6 6. Nf3 f6 7. Qa4 Bd7 8.
Nbd2 a5 9. O-O c5 10. Qd1 Bc6 11. Nh4 Qd7 12. Ne4 Be7 13. e3 O-O-O 14. exd4
cxd4 15. Qh5 Qh3 16. Qf5+ Qxf5 17. Nxf5 Bf8 18. Bd2 a4 19. b4 g6 20. Nh4 g5 21.
Ng2 h6 22. g4 h5 23. h3 hxg4 24. hxg4 Nh6 25. f3 f5 26. gxf5 Nxf5 27. b5 Bxe4
28. fxe4 Ne3 29. Rf7 Rh3 30. Nxe3 dxe3 31. Ba5 Bd6 32. Kg2 g4 33. c5 Rf8 34.
Raf1 Rf3 35. Rxf8+ Bxf8 36. c6 Rxf1 37. Kxf1 Bh6 38. Ke2 Bf4 39. Bb4 Kb8 40.
Bc5 Ka8 41. d4 g3 42. Kf3 g2 43. Kxg2 e2 44. Kf2 Be3+ 45. Kxe2 exd4 46. e5 Bg1
47. Kd3 1-0

[Event "Copenhagen Chess Challenge 2009"]
[Site "Ballerup"]
[Date "2009.??.??"]
[Round "6"]
[White "Veng, Johny"]
[Black "Brynell, Stellan"]
[Result "0-1"]
[WhiteElo "2240"]
[BlackElo "2463"]
[PlyCount "64"]
[EventDate "2009.??.??"]
[EventType "swiss"]
[EventRounds "9"]
[EventCountry "DEN"]

1. e4 e6 2. d4 d5 3. Nc3 Nf6 4. Bg5 Bb4 5. e5 h6 6. Bd2 Bxc3 7. bxc3 Ne4 8. Qg4
g6 9. Bd3 Nxd2 10. Kxd2 c5 11. h4 Nc6 12. h5 g5 13. f4 cxd4 14. Nf3 Qa5 15.
fxg5 Qxc3+ 16. Ke2 Bd7 17. Rab1 O-O-O 18. Rb3 Qc5 19. Rb5 Qa3 20. Rhb1 b6 21.
R1b3 Qxa2 22. Qf4 Na5 23. Rb2 Qa3 24. R5b4 Nc6 25. R4b3 hxg5 26. Nxg5 Qf8 27.
g4 Qg7 28. Nxf7 Rdf8 29. Bg6 Rxf7 30. Qxf7 Qxe5+ 31. Kf3 Qh2 32. Qf4 Ne5+ 0-1

[Event "Copenhagen Chess Challenge 2009"]
[Site "Ballerup"]
[Date "2009.??.??"]
[Round "6"]
[White "Mikkelsen, Nikolaj"]
[Black "Lund, Silas"]
[Result "0-1"]
[WhiteElo "2394"]
[BlackElo "2430"]
[PlyCount "56"]
[EventDate "2009.??.??"]
[EventType "swiss"]
[EventRounds "9"]
[EventCountry "DEN"]

1. e4 e5 2. Nf3 Nc6 3. Bb5 Nf6 4. O-O Nxe4 5. d4 Nd6 6. Bxc6 dxc6 7. dxe5 Nf5
8. Qxd8+ Kxd8 9. h3 Bd7 10. Nc3 b6 11. Rd1 Kc8 12. g4 Ne7 13. Ng5 Be8 14. Bf4
h6 15. Nge4 Kb7 16. Rd3 g5 17. Bg3 c5 18. Rf1 Ng6 19. Rfd1 Bg7 20. Nf6 Bc6 21.
Ncd5 c4 22. Rd4 Rhd8 23. Nb4 Rxd4 24. Rxd4 Bb5 25. Nbd5 Rd8 26. c3 c5 27. Rd1
Bxf6 28. exf6 Ba4 0-1

[Event "Copenhagen Chess Challenge 2009"]
[Site "Ballerup"]
[Date "2009.??.??"]
[Round "6"]
[White "Sahl, Bjarke"]
[Black "Christensen, Bo Garner"]
[Result "1-0"]
[WhiteElo "2366"]
[BlackElo "2240"]
[PlyCount "45"]
[EventDate "2009.??.??"]
[EventType "swiss"]
[EventRounds "9"]
[EventCountry "DEN"]

1. e4 c5 2. Nf3 Nc6 3. d4 cxd4 4. Nxd4 Nf6 5. Nc3 e5 6. Ndb5 d6 7. Nd5 Nxd5 8.
exd5 Nb8 9. c4 a6 10. Qa4 Bd7 11. Qa3 Bf5 12. Be3 Be7 13. c5 Nd7 14. cxd6 Bf6
15. Nc7+ Kf8 16. Nxa8 Qxa8 17. Rc1 g5 18. Rc7 Kg7 19. Be2 h5 20. O-O Nf8 21.
Rfc1 Ng6 22. Qb3 b5 23. Ra7 1-0

[Event "Copenhagen Chess Challenge 2009"]
[Site "Ballerup"]
[Date "2009.??.??"]
[Round "6"]
[White "Capion, Jon Gotz"]
[Black "Nielsen, Poul Bang"]
[Result "1/2-1/2"]
[WhiteElo "1662"]
[BlackElo "1792"]
[PlyCount "87"]
[EventDate "2009.??.??"]
[EventType "swiss"]
[EventRounds "9"]
[EventCountry "DEN"]

1. e4 c5 2. Nf3 a6 3. d4 cxd4 4. Nxd4 Nf6 5. Nc3 e5 6. Nb3 Bb4 7. f3 Bxc3+ 8.
bxc3 d5 9. Bg5 Qc7 10. Bxf6 Qxc3+ 11. Qd2 Qxd2+ 12. Nxd2 gxf6 13. exd5 b5 14.
Ne4 Nd7 15. Bd3 O-O 16. O-O Kg7 17. Ng3 Nb6 18. Nh5+ Kh6 19. Nxf6 Bb7 20. Ng4+
Kg7 21. Nxe5 Nxd5 22. Be4 f5 23. Bxd5 Bxd5 24. Rfd1 Bc4 25. Nxc4 bxc4 26. Rab1
Rfd8 27. Rb7+ Kg8 28. Rdd7 Rxd7 29. Rxd7 Rb8 30. Rc7 Rb4 31. Kf2 f4 32. g3
fxg3+ 33. hxg3 a5 34. Ke3 Ra4 35. g4 Ra3+ 36. Kd2 Rxf3 37. Rxc4 Ra3 38. Kc1
Rxa2 39. Kb1 Ra3 40. c3 Rb3+ 41. Kc2 Rb5 42. Ra4 Kg7 43. Kd3 Kf6 44. Rc4
1/2-1/2

[Event "Copenhagen Chess Challenge 2009"]
[Site "Ballerup"]
[Date "2009.??.??"]
[Round "6"]
[White "Hoi, Carsten"]
[Black "Bejtovic, Jasmin"]
[Result "1/2-1/2"]
[WhiteElo "2387"]
[BlackElo "2306"]
[PlyCount "55"]
[EventDate "2009.??.??"]
[EventType "swiss"]
[EventRounds "9"]
[EventCountry "DEN"]

1. d4 Nf6 2. Nf3 g6 3. c4 Bg7 4. Nc3 O-O 5. e4 d6 6. h3 e5 7. d5 Na6 8. Bg5 Qe8
9. g4 Nd7 10. Nd2 f5 11. gxf5 gxf5 12. Rg1 Kh8 13. exf5 Nf6 14. Nde4 Nxe4 15.
Nxe4 Bxf5 16. Ng3 Bg6 17. Qd2 Rf4 18. Be2 h6 19. Bxf4 exf4 20. Qxf4 Nb4 21. Kf1
Qe7 22. Nf5 Qf6 23. Nh4 Bc2 24. Qxf6 Bxf6 25. Ng6+ Kh7 26. Nf4 Bxb2 27. Re1 Be5
28. a3 1/2-1/2

[Event "Copenhagen Chess Challenge 2009"]
[Site "Ballerup"]
[Date "2009.??.??"]
[Round "6"]
[White "Matthiesen, Arne"]
[Black "Lovik, Lasse Ostebo"]
[Result "0-1"]
[WhiteElo "2349"]
[BlackElo "2289"]
[PlyCount "108"]
[EventDate "2009.??.??"]
[EventType "swiss"]
[EventRounds "9"]
[EventCountry "DEN"]

1. d4 d5 2. c4 c6 3. Nf3 Nf6 4. Nc3 e6 5. g3 Nbd7 6. Qd3 Bd6 7. Bg2 dxc4 8.
Qxc4 e5 9. O-O O-O 10. Rd1 Qe7 11. e4 Nb6 12. Qe2 Bg4 13. h3 Bxf3 14. Qxf3 exd4
15. Rxd4 Be5 16. Rd1 Rfe8 17. Bf4 Bxc3 18. Qxc3 Nxe4 19. Qc2 f5 20. Re1 Nd5 21.
Bd2 Qf6 22. Rad1 Nxd2 23. Rxe8+ Rxe8 24. Qxd2 Nb6 25. b3 Qe5 26. Qb4 Qe2 27.
Rd2 Qe5 28. a4 a5 29. Qd4 Qxd4 30. Rxd4 Re1+ 31. Kh2 Kf7 32. b4 Nxa4 33. bxa5
Nc5 34. Rc4 Na6 35. Ra4 g5 36. Bf3 Kf6 37. Kg2 h6 38. Ra2 Ke5 39. Rb2 Nc5 40.
a6 bxa6 41. Rb6 Rc1 42. Bxc6 a5 43. Be8 a4 44. Bxa4 Nxa4 45. Rxh6 Nc5 46. h4 g4
47. Rc6 Nd3 48. Rxc1 Nxc1 49. f3 Nd3 50. fxg4 fxg4 51. Kf1 Ke4 52. Ke2 Ne5 53.
h5 Nf7 54. Kf2 Kd3 0-1

[Event "Copenhagen Chess Challenge 2009"]
[Site "Ballerup"]
[Date "2009.??.??"]
[Round "6"]
[White "Smith, Axel"]
[Black "Peschardt, Soren"]
[Result "1-0"]
[WhiteElo "2383"]
[BlackElo "2104"]
[PlyCount "71"]
[EventDate "2009.??.??"]
[EventType "swiss"]
[EventRounds "9"]
[EventCountry "DEN"]

1. Nf3 f5 2. d3 Nf6 3. e4 d6 4. exf5 Bxf5 5. d4 c6 6. Bd3 Bxd3 7. Qxd3 Na6 8.
O-O Qd7 9. c4 g6 10. Nc3 Bg7 11. Re1 O-O 12. Bg5 Rae8 13. Re2 Nh5 14. Qd2 Nc7
15. Rae1 e6 16. Ne4 Nf6 17. Nxf6+ Bxf6 18. h4 Bg7 19. Nh2 b6 20. Ng4 h5 21. Nh2
Rf5 22. Nf1 Bf6 23. Ng3 Bxg5 24. hxg5 Rf7 25. Ne4 Ref8 26. Nf6+ Rxf6 27. gxf6
Rxf6 28. Re3 Qf7 29. Ra3 Ne8 30. d5 cxd5 31. cxd5 e5 32. Rc1 Rf4 33. Rc8 Rd4
34. Rd3 Rg4 35. Qh6 Rf4 36. Rdc3 1-0

[Event "Copenhagen Chess Challenge 2009"]
[Site "Ballerup"]
[Date "2009.??.??"]
[Round "6"]
[White "Getz, Nicolai"]
[Black "Janev, Evgeni"]
[Result "0-1"]
[WhiteElo "2205"]
[BlackElo "2458"]
[PlyCount "118"]
[EventDate "2009.??.??"]
[EventType "swiss"]
[EventRounds "9"]
[EventCountry "DEN"]

1. e4 Nf6 2. e5 Nd5 3. c4 Nb6 4. d4 d6 5. exd6 cxd6 6. Nc3 g6 7. Be3 Bg7 8. Rc1
O-O 9. Nf3 Bg4 10. Be2 Nc6 11. b3 d5 12. c5 Nc8 13. O-O e6 14. b4 Bxf3 15. Bxf3
Nxb4 16. Qb3 Nc6 17. Qxb7 N8e7 18. Rfd1 Rb8 19. Qa6 Rb4 20. a3 Rxd4 21. Bxd4
Nxd4 22. Rxd4 Bxd4 23. Nb5 Nf5 24. Qxa7 Qg5 25. Rc2 Be5 26. Qa4 Rb8 27. g3 d4
28. Qb3 h5 29. Bg2 h4 30. a4 hxg3 31. hxg3 Bxg3 32. fxg3 Ne3 33. c6 Nxc2 34.
Qxc2 Qxg3 35. Qf2 Qg5 36. c7 Qc1+ 37. Kh2 Rxb5 38. axb5 Qxc7+ 39. Qg3 e5 40.
Bc6 Qd6 41. Be4 Kg7 42. Qb3 Qb6 43. Qd5 Qf6 44. Kg2 Qg5+ 45. Kf1 Qf4+ 46. Bf3
f5 47. Kg1 Kh6 48. Bg2 Qe3+ 49. Kf1 e4 50. Qe5 d3 51. Qc3 Qe2+ 52. Kg1 d2 53.
Qh3+ Kg5 54. Qg3+ Qg4 55. Qe3+ Qf4 56. Qe2 Qd6 57. Qd1 Qc5+ 58. Kf1 Qxb5+ 59.
Kf2 Qd3 0-1

[Event "Copenhagen Chess Challenge 2009"]
[Site "Ballerup"]
[Date "2009.??.??"]
[Round "6"]
[White "Nielsen, Leonard De Freitas"]
[Black "Kovachev, Daniel Jacobsen"]
[Result "0-1"]
[WhiteElo "1925"]
[BlackElo "2256"]
[PlyCount "110"]
[EventDate "2009.??.??"]
[EventType "swiss"]
[EventRounds "9"]
[EventCountry "DEN"]

1. e4 e5 2. Nc3 Nf6 3. f4 d6 4. Nf3 Nc6 5. Bb5 exf4 6. d4 a6 7. Bxc6+ bxc6 8.
Bxf4 Be7 9. O-O O-O 10. Qd2 Rb8 11. b3 Bb7 12. Rae1 Qd7 13. Nh4 Nxe4 14. Rxe4
Bxh4 15. Bxd6 cxd6 16. Rxh4 f5 17. Ne2 Rbe8 18. Ng3 g6 19. c4 Qe7 20. Rhf4 Qe3+
21. Qxe3 Rxe3 22. R1f3 Re1+ 23. Rf1 Re3 24. R1f3 Rfe8 25. Rxe3 Rxe3 26. Rf3
Re1+ 27. Rf1 Re3 28. Rf3 Re1+ 29. Rf1 Re8 30. Rf2 Kf7 31. Re2 Rb8 32. Kf2 a5
33. Rb2 Ba6 34. Rc2 a4 35. Rc3 Rb4 36. Ke3 axb3 37. axb3 Bc8 38. Ne2 g5 39. g3
Rb7 40. h4 h6 41. Kf3 Ra7 42. Nc1 Ra1 43. b4 Ra4 44. Nd3 Be6 45. c5 Bd5+ 46.
Ke3 Ke6 47. Rc1 Ra3 48. Kd2 Be4 49. Rc3 Ra2+ 50. Rc2 Ra3 51. Rc3 Ra2+ 52. Rc2
Rxc2+ 53. Kxc2 dxc5 54. dxc5 f4 55. gxf4 gxh4 0-1

[Event "Copenhagen Chess Challenge 2009"]
[Site "Ballerup"]
[Date "2009.??.??"]
[Round "6"]
[White "Kristensen, Kaare Hove"]
[Black "Boulan, Laura"]
[Result "1-0"]
[WhiteElo "2244"]
[BlackElo "1955"]
[PlyCount "65"]
[EventDate "2009.??.??"]
[EventType "swiss"]
[EventRounds "9"]
[EventCountry "DEN"]

1. e4 d6 2. d4 e5 3. Nf3 exd4 4. Nxd4 Nf6 5. Nc3 Be7 6. Bf4 O-O 7. Qd2 c6 8.
O-O-O b5 9. f3 b4 10. Nb1 c5 11. Nb5 Be6 12. Bxd6 Ne8 13. Bxe7 Qxe7 14. Qd8 Qb7
15. Nd6 Nxd6 16. Qxd6 Nc6 17. Qxc5 Rac8 18. b3 a5 19. Nd2 a4 20. Bc4 Bxc4 21.
Nxc4 Na7 22. Nd6 Qe7 23. Qxb4 axb3 24. axb3 Rb8 25. Qc3 Qg5+ 26. Kb2 Rfd8 27.
h4 Qe7 28. Nf5 Qf8 29. Rxd8 Rxd8 30. Qc7 Ra8 31. Ra1 Nb5 32. Ne7+ Kh8 33. Rxa8
1-0

[Event "Copenhagen Chess Challenge 2009"]
[Site "Ballerup"]
[Date "2009.??.??"]
[Round "6"]
[White "Jacobsen, Bo"]
[Black "Eriksson, Christian Altenburg"]
[Result "1-0"]
[WhiteElo "2325"]
[BlackElo "2122"]
[PlyCount "81"]
[EventDate "2009.??.??"]
[EventType "swiss"]
[EventRounds "9"]
[EventCountry "DEN"]

1. g3 g6 2. Bg2 Bg7 3. Nf3 c5 4. O-O Nc6 5. c3 d5 6. d3 Nf6 7. a3 a5 8. a4 O-O
9. Na3 e5 10. Qc2 d4 11. Nc4 Re8 12. e4 Rb8 13. Bd2 b6 14. cxd4 Nxd4 15. Nxd4
cxd4 16. f4 Nd7 17. Bh3 Nc5 18. Bxc8 Rxc8 19. f5 g5 20. b4 axb4 21. Bxb4 Na6
22. Qb3 Rc6 23. Ba3 g4 24. Qb5 Nb8 25. Rab1 Qg5 26. Nxb6 Qe3+ 27. Rf2 Bf8 28.
Nd5 Qh6 29. Bxf8 Kxf8 30. f6 Rc1+ 31. Rxc1 Qxc1+ 32. Rf1 Qc2 33. Ne7 Qe2 34. a5
Qe3+ 35. Rf2 h5 36. a6 Nxa6 37. Qxe5 h4 38. gxh4 Nc5 39. Qxc5 Qxd3 40. Nc6+ Kg8
41. Qg5+ 1-0

[Event "Copenhagen Chess Challenge 2009"]
[Site "Ballerup"]
[Date "2009.??.??"]
[Round "6"]
[White "Hove, Esben Kjems"]
[Black "Fredericia, Louise Winther"]
[Result "0-1"]
[WhiteElo "2294"]
[BlackElo "2100"]
[PlyCount "110"]
[EventDate "2009.??.??"]
[EventType "swiss"]
[EventRounds "9"]
[EventCountry "DEN"]

1. d4 d5 2. c4 e6 3. Nc3 Nf6 4. cxd5 exd5 5. Bg5 Be7 6. Qc2 O-O 7. e3 Re8 8.
Bd3 h6 9. Bh4 c5 10. Nge2 c4 11. Bf5 Nc6 12. a3 b5 13. Bxc8 Rxc8 14. O-O b4 15.
axb4 Nxb4 16. Qa4 Rb8 17. Rab1 Rb6 18. Qd1 Qd7 19. b3 cxb3 20. Qxb3 Ne4 21.
Nxe4 dxe4 22. Bxe7 Rxe7 23. Qc4 Qb7 24. Rfc1 Nd3 25. Qc8+ Kh7 26. Rxb6 Qxb6 27.
Rf1 a5 28. Nc3 Rc7 29. Qd8 Qb7 30. Nb5 Rc8 31. Qxa5 Qd5 32. Qa6 Rc2 33. Na3 Qa2
34. Qb7 Qxa3 35. Qxe4+ g6 36. h4 h5 37. d5 Rd2 38. Qf3 Ne5 39. Qe4 Qd6 40. Qf4
Rxd5 41. e4 Rd1 42. Rxd1 Qxd1+ 43. Kh2 Ng4+ 44. Kg3 Nh6 45. f3 Qd7 46. Qe5 Qe6
47. Qc7 Ng8 48. Kf4 Nf6 49. Kg5 Ne8 50. Qc3 Qe7+ 51. Kf4 Qxh4+ 52. Ke3 Qg5+ 53.
Kf2 h4 54. Qc8 Ng7 55. Qd7 Qf4 0-1

[Event "Copenhagen Chess Challenge 2009"]
[Site "Ballerup"]
[Date "2009.??.??"]
[Round "6"]
[White "Lauritsen, Martin Lee"]
[Black "Jorgensen, Dennis"]
[Result "1-0"]
[WhiteElo "2063"]
[BlackElo "2197"]
[PlyCount "77"]
[EventDate "2009.??.??"]
[EventType "swiss"]
[EventRounds "9"]
[EventCountry "DEN"]

1. e4 c6 2. d4 d5 3. Nc3 dxe4 4. Nxe4 Bf5 5. Ng3 Bg6 6. Nf3 Nd7 7. Bd3 e6 8.
O-O Ngf6 9. Re1 Be7 10. c4 Bxd3 11. Qxd3 O-O 12. b3 Qc7 13. Bb2 Rad8 14. Qc3
Rfe8 15. Ne5 a5 16. Qe3 Bb4 17. Rf1 Nxe5 18. dxe5 Nd7 19. Kh1 a4 20. f4 axb3
21. axb3 Nc5 22. Bd4 Nd7 23. Ne4 Nf8 24. c5 Ng6 25. Nd6 Rf8 26. f5 exf5 27.
Nxf5 Rd7 28. e6 fxe6 29. Qxe6+ Kh8 30. g3 Rdf7 31. Rf3 Qc8 32. Qxc8 Rxc8 33.
Raf1 Rd7 34. h4 h5 35. Nd6 Rcc7 36. Rf5 Kg8 37. Rxh5 Ne7 38. Bxg7 Bxc5 39. Ne8
1-0

[Event "Copenhagen Chess Challenge 2009"]
[Site "Ballerup"]
[Date "2009.??.??"]
[Round "6"]
[White "Hvenekilde, Jorgen"]
[Black "Knudsen, Jes West"]
[Result "1-0"]
[WhiteElo "2184"]
[BlackElo "2019"]
[PlyCount "59"]
[EventDate "2009.??.??"]
[EventType "swiss"]
[EventRounds "9"]
[EventCountry "DEN"]

1. d4 f5 2. h3 d5 3. Nf3 Nc6 4. Bf4 Nf6 5. e3 e6 6. c4 Bb4+ 7. Nc3 Ne4 8. Rc1
O-O 9. Bd3 g5 10. Bh2 Bxc3+ 11. bxc3 Rf7 12. Ne5 Rg7 13. g4 Na5 14. gxf5 exf5
15. cxd5 Qxd5 16. c4 Qd8 17. f3 g4 18. fxe4 Qh4+ 19. Kd2 g3 20. exf5 gxh2 21.
Rxh2 Qg3 22. Qe2 c5 23. Rf1 cxd4 24. exd4 Qg5+ 25. Kc2 Bd7 26. f6 Ba4+ 27. Kb1
Rc8 28. fxg7 Qe7 29. Rf8+ Kxg7 30. Qg4+ 1-0